<?xml version="1.0" encoding="UTF-8"?>
<record
    xmlns:xsi="http://www.w3.org/2001/XMLSchema-instance"
    xsi:schemaLocation="http://www.loc.gov/MARC21/slim http://www.loc.gov/standards/marcxml/schema/MARC21slim.xsd"
    xmlns="http://www.loc.gov/MARC21/slim">

  <leader>00820nam a22001577a 4500</leader>
  <controlfield tag="003">OSt</controlfield>
  <controlfield tag="005">20151217154149.0</controlfield>
  <controlfield tag="008">151217b        xxu||||| |||| 00| 0 eng d</controlfield>
  <datafield tag="040" ind1=" " ind2=" ">
    <subfield code="c">RUA</subfield>
  </datafield>
  <datafield tag="082" ind1=" " ind2=" ">
    <subfield code="a">AED SAY 2006 B223 Or.1</subfield>
  </datafield>
  <datafield tag="100" ind1=" " ind2=" ">
    <subfield code="9">5054</subfield>
    <subfield code="a">SAY, MAKARA.</subfield>
  </datafield>
  <datafield tag="245" ind1=" " ind2=" ">
    <subfield code="a">The study on primary health education of cambodian cross project in danrun commune sautre nikum district siemreap province, &#x1780;&#x17B6;&#x179A;&#x179F;&#x17B7;&#x1780;&#x17D2;&#x179F;&#x17B6;&#x1796;&#x17B8;&#x1780;&#x17B6;&#x179A;&#x17A2;&#x1794;&#x17CB;&#x179A;&#x17C6;&#x179F;&#x17BB;&#x1781;&#x1797;&#x17B6;&#x1796;&#x1794;&#x178B;&#x1798; &#x1793;&#x17B7;&#x1784;&#x1780;&#x17B6;&#x179A;&#x1795;&#x17D2;&#x179F;&#x1796;&#x17D2;&#x179C;&#x1795;&#x17D2;&#x179F;&#x17B6;&#x1799;&#x1780;&#x179F;&#x17B7;&#x1780;&#x1798;&#x17D2;&#x1798;&#x1782;&#x17C6;&#x179A;&#x17C4;&#x1784;&#x1780;&#x17B6;&#x1780;&#x1794;&#x17B6;&#x1791;&#x1780;&#x17D2;&#x179A;&#x17A0;&#x1798;&#x1780;&#x1798;&#x17D2;&#x1796;&#x17BB;&#x1787;&#x17B6; &#x1793;&#x17C5;&#x1783;&#x17BB;&#x17C6;&#x178A;&#x17B6;&#x179A;&#x17BB;&#x1793; &#x179F;&#x17D2;&#x179A;&#x17BB;&#x1780;&#x179F;&#x17BC;&#x1791;&#x17D2;&#x179A;&#x1793;&#x17B7;&#x1782;&#x1798; &#x1781;&#x17C1;&#x178F;&#x17D2;&#x178F;&#x179F;&#x17C0;&#x1798;&#x179A;&#x17B6;&#x1794;</subfield>
  </datafield>
  <datafield tag="260" ind1=" " ind2=" ">
    <subfield code="a">Phnom Penh</subfield>
    <subfield code="b">RUA</subfield>
    <subfield code="c">2006</subfield>
  </datafield>
  <datafield tag="300" ind1=" " ind2=" ">
    <subfield code="a">x; 50p.</subfield>
    <subfield code="b">ill.</subfield>
    <subfield code="c">29cm.</subfield>
  </datafield>
  <datafield tag="942" ind1=" " ind2=" ">
    <subfield code="2">ddc</subfield>
    <subfield code="c">AED</subfield>
  </datafield>
  <datafield tag="999" ind1=" " ind2=" ">
    <subfield code="c">4702</subfield>
    <subfield code="d">4702</subfield>
  </datafield>
  <datafield tag="952" ind1=" " ind2=" ">
    <subfield code="0">0</subfield>
    <subfield code="1">0</subfield>
    <subfield code="2">ddc</subfield>
    <subfield code="4">0</subfield>
    <subfield code="6">AED_SAY_2006_000000000000000_B223_OR_1</subfield>
    <subfield code="7">0</subfield>
    <subfield code="9">24176</subfield>
    <subfield code="a">LBB</subfield>
    <subfield code="b">LBB</subfield>
    <subfield code="c">B223</subfield>
    <subfield code="d">2015-12-17</subfield>
    <subfield code="o">AED SAY 2006 B223 Or.1</subfield>
    <subfield code="p">RUA012747</subfield>
    <subfield code="r">2015-12-17</subfield>
    <subfield code="w">2015-12-17</subfield>
    <subfield code="y">AED</subfield>
  </datafield>
  <datafield tag="952" ind1=" " ind2=" ">
    <subfield code="0">0</subfield>
    <subfield code="1">0</subfield>
    <subfield code="2">ddc</subfield>
    <subfield code="4">0</subfield>
    <subfield code="6">AED_SAY_2006_000000000000000_B223_OR_2</subfield>
    <subfield code="7">0</subfield>
    <subfield code="9">24177</subfield>
    <subfield code="a">LBB</subfield>
    <subfield code="b">LBB</subfield>
    <subfield code="c">B223</subfield>
    <subfield code="d">2015-12-17</subfield>
    <subfield code="o">AED SAY 2006 B223 Or.2</subfield>
    <subfield code="p">RUA012116</subfield>
    <subfield code="r">2015-12-17</subfield>
    <subfield code="w">2015-12-17</subfield>
    <subfield code="y">AED</subfield>
  </datafield>
  <datafield tag="952" ind1=" " ind2=" ">
    <subfield code="0">0</subfield>
    <subfield code="1">0</subfield>
    <subfield code="2">ddc</subfield>
    <subfield code="4">0</subfield>
    <subfield code="6">AED_SAY_2006_000000000000000_B223_OR_3</subfield>
    <subfield code="7">0</subfield>
    <subfield code="9">24178</subfield>
    <subfield code="a">LBB</subfield>
    <subfield code="b">LBB</subfield>
    <subfield code="c">B223</subfield>
    <subfield code="d">2015-12-17</subfield>
    <subfield code="o">AED SAY 2006 B223 Or.3</subfield>
    <subfield code="p">RUA012742</subfield>
    <subfield code="r">2015-12-17</subfield>
    <subfield code="w">2015-12-17</subfield>
    <subfield code="y">AED</subfield>
  </datafield>
  <datafield tag="952" ind1=" " ind2=" ">
    <subfield code="0">0</subfield>
    <subfield code="1">0</subfield>
    <subfield code="2">ddc</subfield>
    <subfield code="4">0</subfield>
    <subfield code="6">AED_SAY_2006_000000000000000_B223_OR_4</subfield>
    <subfield code="7">0</subfield>
    <subfield code="9">24179</subfield>
    <subfield code="a">LBB</subfield>
    <subfield code="b">LBB</subfield>
    <subfield code="c">B223</subfield>
    <subfield code="d">2015-12-17</subfield>
    <subfield code="o">AED SAY 2006 B223 Or.4</subfield>
    <subfield code="p">RUA012454</subfield>
    <subfield code="r">2015-12-17</subfield>
    <subfield code="w">2015-12-17</subfield>
    <subfield code="y">AED</subfield>
  </datafield>
  <datafield tag="952" ind1=" " ind2=" ">
    <subfield code="0">0</subfield>
    <subfield code="1">0</subfield>
    <subfield code="2">ddc</subfield>
    <subfield code="4">0</subfield>
    <subfield code="6">AED_SAY_2006_000000000000000_B223_OR_5</subfield>
    <subfield code="7">0</subfield>
    <subfield code="9">24180</subfield>
    <subfield code="a">LBB</subfield>
    <subfield code="b">LBB</subfield>
    <subfield code="c">B223</subfield>
    <subfield code="d">2015-12-17</subfield>
    <subfield code="o">AED SAY 2006 B223 Or.5</subfield>
    <subfield code="p">RUA012598</subfield>
    <subfield code="r">2015-12-17</subfield>
    <subfield code="w">2015-12-17</subfield>
    <subfield code="y">AED</subfield>
  </datafield>
</record>
